00477cam a22001217a 4500008004000000082001500040245013500055260005700190300001100247500002400258700002600282700004700308180718b1969 xxu||||| |||| 00| 0 eng d aG2x54 In22 aReport of the Committee of members of Parliament regarding Parliament session in the Southcby Department of Parliamentary Affairs aNew DelhibDepartment of Parliamentary Affairsc1969 a208+p. aChairman: S.R. Rane aRane, S.R. (Chairman) aIndia. Department of Parliamentary Affairs